Lanean...
Chekov in performance
| Egile nagusia: | |
|---|---|
| Formatua: | Printed Book |
| Hizkuntza: | English |
| Argitaratua: |
London :
Cambridge University Press ,
c1971.
|
| LEADER | 00456nam a22001337a 4500 | ||
|---|---|---|---|
| 008 | 160808b xxu||||| |||| 00| 0 eng d | ||
| 020 | |a 0521079756 | ||
| 100 | |a Stylan, J.N. | ||
| 245 | |a Chekov in performance | ||
| 260 | |a London : |b Cambridge University Press , |c c1971. | ||
| 300 | |b 341p. | ||
| 942 | |c BK | ||
| 999 | |c 193835 |d 193835 | ||
| 952 | |0 0 |1 0 |4 0 |6 822_000000000000000_STY_C |7 0 |9 214011 |a ENG |b ENG |c ST1 |d 2016-08-08 |i 11703 |l 0 |o 822 STY/C |p ENG11703 |r 2016-08-08 |w 2018-08-21 |y BK | ||